Представление документа в формате RUSMARC

ПолеНазваниеЗначение
  Тип записи a
  Библиографический уровень m
001 Контрольный номер RU/SLIB/B/208754404
005 Дата корректировки 20201206204146.5
010 Индекс ISBN __
d Цена 13-70
101 Язык документа __
a Язык текста rus
200 Заглавие и сведения об ответственности 1_
a Заглавие Сибирь
e Сведения, относящиеся к заглавию фотоальбом
f Первые сведения об ответственности составление Сергеева Марка Давидовича, Шехова Сергея Борисовича ; фотографии Л. И. Вейсмана [и др.]
b Общее обозначение материала Текст
210 Выходные данные __
a Место издания М.
c Издательство Планета
d Дата издания 1985
215 Физическое описание __
a Объем 273, [6] с.
c Иллюстрации/тип воспроизводства цв. фот.
d Формат 28 см
606 Тематические рубрики __
a Основная рубрика География
y Географическая подрубрика Россия; Сибирь
606 Тематические рубрики __
a Основная рубрика Страноведение
610 Ключевые слова __
a Ключевые слова художественная фотография; история Сибири; сибирские народы; города; история края; страноведческая информация; страноведческая литература; страноведческие материалы
686 Индексы других классификаций __
a Классификационный индекс 26.89(253)
702 Вторичная интеллектуальная ответственность __
a Фамилия Сергеев
b Имя М. Д.
4 Код отношения Составитель
g Полное личное имя Марк Давидович
4 Код отношения 220
702 Вторичная интеллектуальная ответственность _1
a Фамилия Шехов
b Имя С. Б.
4 Код отношения Составитель
g Полное личное имя Сергей Борисович
4 Код отношения 220
702 Вторичная интеллектуальная ответственность _1
a Фамилия Вейсман
b Имя Л. И.
4 Код отношения Фотограф
4 Код отношения 600
801 Источник записи _0
a Страна RU
b Организация Муниципальное бюджетное учреждение культуры "Централизованная библиотечная система" г. Сургут (Центральная городская библиотека им. А. С. Пушкина)
g Правила каталогизации КиК/Уланова
801 Источник записи _1
a Страна RU
b Организация Муниципальное бюджетное учреждение культуры "Централизованная библиотечная система" г. Сургут (Центральная городская библиотека им. А. С. Пушкина)
g Правила каталогизации КиК/Уланова
852 Данные о местонахождении __
j Шифр хранения 26.89(253)
c Каталожный индекс 26.89(253)
i Авторский знак С 34
p Инвентарный номер 24292
901 Тип документа __
t Тип документа m
969 Тип издания __
a Тип издания фотоальбом
990 Данные о заказе (DOS) __
j Количество экземпляров (DOS) 1